000 01089nam a2200301 i 4500
001 000030614
003 DO-SdBNP
005 20240919131301.0
007 ta
008 110525s dr c r 001 0 spa d
040 _aDO-SdBNP
_bspa
_cBNPHU
_erda
082 _a923.7293
_bD812V
_222
100 1 _aVerges, Pedro,
_d1945-
_eautor
_912149
245 1 0 _aDos biografias Duarte y Trujillo /
_cPedro L. Vergés Vidal.
264 _aCiudad Trujillo, República Dominicana :
_bImpresora Dominicana,
_c[190-?].
300 _a382 paginas :
_bretratos. ;
_c22 cm.
336 _2rdacontent
_atexto
_btxt
337 _2rdamedia
_asin mediación
_bn
338 _2rdacarrier
_avolumen
_bnc
500 _aIncluye índice onomástico y geográfico.
500 _aIncluye referencias bibliográficas y notas al pie de las páginas.
590 _aInventariado, 2018/VM
600 1 0 _aDuarte, Juan Pablo,
_d1813-1876
_91494
651 4 _aRepublica Dominijcana
_vBiografías
_957205
651 4 _aRepública Dominicana
_xHistoria
_9170
910 _aValidado. Control de calidad MFF
942 _2ddc
_cLBS1
999 _c30106
_d30106